| 000 | 00000nas 2200000za 4500 |
| 001 | 9.863771 |
| 003 | CaOODSP |
| 005 | 20221107161347 |
| 007 | cr ||||||||||| |
| 008 | 181026d19711976oncmr p oss f0###a0eng|d |
| 022 | |y0380-464X |
| 040 | |aCaOODSP|beng |
| 041 | |aeng|afre |
| 043 | |an-cn--- |
| 086 | 1 |aCS35-002-PDF |
| 245 | 00|aProduction, shipments and stocks on hand of sawmills East of the Rockies (excluding Newfoundland, Prince Edward Island and Manitoba) |h[electronic resource] = |bProduction, expéditions et stocks en mains des scieries à l'est des Rocheuses (sauf Terre-Neuve, l'Île-du-Prince-Édouard et Manitoba). |
| 246 | 11|aProduction, expéditions et stocks en mains des scieries à l'est des Rocheuses (sauf Terre-Neuve, l'Île-du-Prince-Édouard et Manitoba) |
| 260 | |aOttawa :|bDominion Bureau of Statistics = Bureau fédéral de la statistique, |c1971-1977. |
| 310 | |aMonthly |
| 362 | 0 |aVol. 26, no. 8 (Aug. 1971)-v. 31, no. 12 (Dec. 1976). |
| 500 | |aDigitized edition from print [produced by Statistics Canada]. |
| 546 | |aText in English and French. |
| 550 | |aIssued Aug. 1971-Dec. 1971 by Manufacturing and Primary Industries Division; Jan. 1972-Dec. 1976 by Statistics Canada, Manufacturing and Primary Industries Division. |
| 692 | 07|2gccst|aLumber industry |
| 692 | 07|2gccst|aEconomic conditions |
| 710 | 1 |aCanada. |bDominion Bureau of Statistics. |bManufacturing and Primary Industries Division. |
| 710 | 1 |aCanada. |bStatistics Canada. |bManufacturing and Primary Industries Division. |
| 780 | 00|tProduction, shipments and stocks on hand of sawmills east of the Rockies (excluding Newfoundland and Prince Edward Island) |w(CaOODSP)9.863741 |
| 785 | 00|tProduction, shipments and stocks on hand of sawmills east of the Rockies (excluding Newfoundland and Prince Edward Island)|w(CaOODSP)9.863781 |
| 792 | |tProduction, shipments and stocks on hand of sawmills East of the Rockies (excluding Newfoundland, Prince Edward Island and Manitoba) |efre|w(CaOODSP)9.863774 |